| 000 | 01155cab a2200325 4500 | ||
|---|---|---|---|
| 001 | ABS57975 | ||
| 008 | 090401t1997 xxu||||| |||| 00| 0 eng d | ||
| 035 | _a(Sirsi) u82285 | ||
| 041 | _aeng | ||
| 100 | _aEdwards, M. | ||
| 245 | _aDigging up trouble | ||
| 260 | _c1997 | ||
| 350 | _a0 | ||
| 490 |
_aEstates Gazette _v(9746) 15 November 1997, 152-153(2) |
||
| 520 | _aRecent case law is identified to highlight the problems arising when seeking to extend the time limit fir submitting reserved matters for approval. | ||
| 650 | _aAGECREST LTD V GWYNEDD CC | ||
| 650 | _aALLIED LONDON PROPERTY INVESTMENT LTD V SOS FOR ENVIRONMENT | ||
| 650 | _aEXTENSION | ||
| 650 | _aMALVERN HILLS DC V SOS ENVIRONMENT | ||
| 650 | _aPLANNING PERMISSION | ||
| 650 | _aR V LONDON DOCKLANDS DEVELOPMENT CORPORATION AND ANOTHER EX P FROST | ||
| 650 | _aRESERVED MATTERS | ||
| 650 | _aSPACKMAN V SOS ENVIRONMENT | ||
| 650 | _aTESCO STORES LTD V NORTH NORFOLK DC | ||
| 650 | _aTIME LIMITS | ||
| 650 | _aTOWN AND COUNTRY PLANNING GENERAL DEVELOPMENT ORDER 1988 | ||
| 690 | _aPLANNING LAW AND PRACTICE-CASE LAW | ||
| 942 | _n0 | ||
| 948 | _c21/11/1997 | ||
| 999 |
_c51925 _d51925 |
||